Logo BPK

Biblioteka

Politechniki Koszalińskiej

Ausgewählte Skizzen und Erzählungen. (Rekord nr 49918)

Szczegóły MARC
000 -ETYKIETA REKORDU
podpole kontrolne o stałej długości 00567nam a2200205 i 4500
001 - NUMER KONTROLNY REKORDU
pole kontrolne bgj
040 ## - ŹRÓDŁO KATALOGOWANIA
Instytucja, która utworzyła rekord BPK
041 0# - KOD JĘZYKA
Kod języka tekstu ger
044 ## - KOD KRAJU WYDAWCY/PRODUCENTA
Kod kraju wydawcy/producenta DEU
080 ## - UNIWERSALNA KLASYFIKACJA DZIESIĘTNA - UKD
UKD 821.112.2-3
008 - POLE O STAŁEJ DŁUGOŚCI - DANE KONTROLNE
podpole kontrolne o stałej długości s gw f |000 0 ger
100 1# - NAZWA OSOBOWA
Nazwa osobowa BÖRNE, Ludwig.
245 10 - TYTUŁ/ODPOWIEDZIALNOŚĆ
Tytuł Ausgewählte Skizzen und Erzählungen.
Pozostałe elementy strefy tytułu i oznaczenia odpowiedzialności Ludwig Börne
Oznaczenie części/sekcji dzieła Bd. 4 /
260 ## - STREFA ADRESU WYDAWNICZEGO
Miejsce wydania Lepizig :
Nazwa wydawcy/dystrybutora Verlag von Philipp Reclam jun.
300 ## - STREFA OPISU FIZYCZNEGO
Objętość 95 s. ;
Rozmiary 16 cm.
490 1# - STREFA SERII I DOKUMENTU WIELOCZĘŚCIOWEGO - FORMA NIE DO WYSZUKIWANIA
Tytuł i oznaczenie odpowiedzialności serii Reclams Universal-Bibliothek
Numeracja w obrębie serii Nr. 217
650 9# - HASŁO PRZEDMIOTOWE W FORMIE NAZWY OGÓLNEJ LUB JEDNOSTKOWEJ
Nazwa ogólna lub geograficzna Powieść niemiecka
830 ## - HASŁO DODATKOWE SERII LUB DOKUMENTU WIELOCZĘŚCIOWEGO - TYTUŁ UJEDNOLICONY
Tytuł ujednolicony Reclams Universal-Bibliothek
856 ## - LOKALIZACJA I DOSTĘP DO ELEKTRONICZNYCH DOKUMENTÓW ZDALNYCH
Link (URL) http://koha.tu.koszalin.pl/cgi-bin/koha/opac-detail.pl?biblionumber=49918
Tekst linku Katalog online BPK
942 ## - DODATKOWE ELEMENTY (KOHA)
Typ dokumentu Książka
Egzemplarze
Wycofany Status egzemplarza Uszkodzony Dostępność Lokalizacja stała Lokalizacja bieżąca Miejsce przechowywania Sygnatura Kod kreskowy Typ dokumentu
      Dostępny Biblioteka Politechniki Koszalińskiej Biblioteka Politechniki Koszalińskiej Wypożyczalnia Językowa S 2536 02439044 Książka
© 2023 Biblioteka Politechniki Koszalińskiej :: KOHA